The theory of matrices
Αποθηκεύτηκε σε:
| Κύριος συγγραφέας: | |
|---|---|
| Άλλοι συγγραφείς: | |
| Μορφή: | Βιβλίο |
| Γλώσσα: | English Russian |
| Δημοσίευση: |
Providence, R.I. :
AMS Chelsea Pub.,
2000.
|
| Θέματα: | |
| Ετικέτες: |
Προσθήκη ετικέτας
Δεν υπάρχουν, Καταχωρήστε ετικέτα πρώτοι!
|
MARC
| LEADER | 00000cam a2200000 i 4500 | ||
|---|---|---|---|
| 001 | 1/35189 | ||
| 008 | 030409s2000 riu| ||| |||| ||eng|| | ||
| 020 | |a 0821813935 |q (set) | ||
| 020 | |a 0821813765 |q (τ. 1) | ||
| 020 | |a 0821826646 |q (τ. 2) | ||
| 035 | |l 10069836 | ||
| 040 | |a GR-MyUa |b gre |e AACR2 | ||
| 041 | 1 | |a eng |h rus | |
| 082 | 7 | |a 512.9434 |2 (21) | |
| 100 | 1 | |a Gantmakher, F. R. |q (Feliks Ruvimovich) | |
| 245 | 1 | 4 | |a The theory of matrices / |c F.R. Gantmacher ; [translation by K. A. Hirsch]. |
| 260 | |a Providence, R.I. : |b AMS Chelsea Pub., |c 2000. | ||
| 300 | |a 2 τ. (x, 374 ; ix, 276 σ.) : |b σχέδια ; |c 24 εκ. | ||
| 500 | |a Τίτλος πρωτοτύπου: Teoriya matrits. | ||
| 504 | |a Περιλαμβάνει βιβλιογραφία και ευρετήριο. | ||
| 650 | 0 | |a Matrices. | |
| 700 | 1 | |a Hirsch, K. A. |e trl | |
| 852 | |a INST |b CHIOS |e 20080121 |h 512.9434 GAN |p 005200027924 |q 005200027924 |t BK |y 0 |z τ.2 | ||
| 852 | |a INST |b CHIOS |e 20071012 |h 512.9434 GAN |p 005200028730 |q 005200028730 |t BK |y 0 |z ??? | ||
| 852 | |a INST |b CHIOS |e 20080121 |h 512.9434 GAN |p 005200027924 |q 005200027924 |t BK |v τ.2: |y 0 |z τ.2 | ||
| 852 | |a INST |b CHIOS |e 20071012 |h 512.9434 GAN |p 005200028730 |q 005200028730 |t BK |v τ.1: |y 0 |z ??? | ||
| 852 | |a INST |b SYROS |e 20030409 |h 512.9434 GAN |p 005500002485 |q 005500002485 |t BK |y 0 |z ??? | ||
| 852 | |a INST |b SYROS |e 20030409 |h 512.9434 GAN |p 005500002485 |q 005500002485 |t BK |v τ.1: |y 0 |z ??? | ||
| 853 | |a INST |b CHIOS |h 512.9434 GAN | ||
| 853 | |a INST |b SYROS |h 512.9434 GAN | ||
| 901 | |a BIBL5-2003-1 | ||
| 901 | |a BIBL2-2007-3 | ||
| 901 | |a BIBL2-2008-1 | ||
| 922 | |a 2ΕΛΗ |b 200709 |c ΕΠΕΑΕΚ2/ΤΜΟΔ |d Παπασωτηρίου | ||
| 922 | |a 2ΕΛΗ |b 200712 |c ΕΠΕΑΕΚ2/ΤΜΟΔ |d Ελευθερουδάκης | ||
| 970 | |a Καγιαβά |b Ειρήνη |z 09/04/2003 | ||